000 00375nam a2200133Ia 4500
008 151001s9999||||xx |||||||||||||| ||und||
100 _aवालचंद्र नालचंद्र शहा
245 _aशनवारवाडा
250 _a1
260 _bसुरस प्रकाशन पंजाब
260 _c1955
300 _a236
365 _b7
999 _c952143
_d952140